Central Library OPAC University of Rajshahi

Epictetus : (Record no. 30818)

MARC details
000 -LEADER
fixed length control field 01089cam a2200289 a 4500
001 - CONTROL NUMBER
control field 30818
003 - CONTROL NUMBER IDENTIFIER
rucl marc code BD-RjUL
005 - DATE AND TIME OF LATEST TRANSACTION
control field 20211209051623.0
008 - FIXED-LENGTH DATA ELEMENTS--GENERAL INFORMATION
fixed length control field 140412r19521928us b 001 0 eng d
035 ## - SYSTEM CONTROL NUMBER
System control number (BD-RjUL)30905
040 ## - CATALOGING SOURCE
Original cataloging agency NCLN
Language of cataloging eng
Transcribing agency NCLN
Modifying agency BD-RjUL
041 0# - LANGUAGE CODE
Language code of text/sound track or separate title enggrc
082 04 - DEWEY DECIMAL CLASSIFICATION NUMBER
Classification number 188
Author mark and year EPD V-2 1952
100 0# - MAIN ENTRY--PERSONAL NAME
Personal name Epictetus.
9 (RLIN) 60084
245 14 - TITLE STATEMENT
Title Epictetus :
Remainder of title The discourses as reported by Arrian, the manual and fragments /
Statement of responsibility, etc. Epictetus ; with an English translation by W.A. Oldfather.
260 ## - PUBLICATION, DISTRIBUTION, ETC. (IMPRINT)
Place of publication, distribution, etc. Cambridge, Mass. :
Name of publisher, distributor, etc. Harvard University Press ;
Place of publication, distribution, etc. London :
Name of publisher, distributor, etc. William Heinemann,
Date of publication, distribution, etc. 1928.[Reprinted 1952].
300 ## - PHYSICAL DESCRIPTION
Pagination 2v. ;
Size 17 cm.
500 ## - GENERAL NOTE
General note Greek and English text on opposite pages.
505 0# - FORMATTED CONTENTS NOTE
Formatted contents note v. 1. Discourses I-II.- v. 2. Discourses III-IV, The manual, and fragments; Index.
650 #7 - SUBJECT ADDED ENTRY--TOPICAL TERM
Topical term or geographic name as entry element Greek literature.
9 (RLIN) 93617
Topical term or geographic name as entry element Philosophy, Ancient.
9 (RLIN) 3836
700 0# - ADDED ENTRY--PERSONAL NAME
Personal name Arrian.
Personal name Oldfather
Fuller form of name (William Abbott),
Dates associated with a name 1880-1945.
942 ## - ADDED ENTRY ELEMENTS (KOHA)
Source of classification or shelving scheme Dewey Decimal Classification
Koha item type Books
Holdings
Lost status Source of classification or shelving scheme Damaged status Not for loan Permanent Location Current Location Shelving location Date acquired Source of acquisition Cost, normal purchase price Total Checkouts Full call number Date last seen Copy number Koha item type
  Dewey Decimal Classification   Not For Loan Central Library, University of Rajshahi Central Library, University of Rajshahi Reading Room 10/03/1955 Simpkai marshall 15.00   188 EPD V-2 1952 12/04/2014 C-1 Books